000 00392nam a2200145Ia 4500
008 230917s9999||||xx |||||||||||||| ||und||
040 _e217582
_aMAIN
041 _aEnglish
082 _a355.00954 C361I
100 _aChandra, Vishal, ed.
245 0 _aIndia`s neighbourhood: The armies of South Asia
260 _aNew Delhi
_bPentagon Press
_c2013
300 _axxvi, 167 p.
942 _cBK
999 _c178388
_d178388